| 000 | 01082nam a2200181 a 4500 | ||
|---|---|---|---|
| 001 | 000044360 | ||
| 005 | 20201002045322.0 | ||
| 008 | 140624s1989 dr a 000 j spa d | ||
| 020 | _a978994544261 | ||
| 040 |
_aDO-SdBNP _bspa _cBNPHU |
||
| 245 | 0 | 0 |
_aCuentos de piratas, corsarios y bandidos. / _cedición María del Mar Ravassa G.; ilustración Juan Carlos Nicholls. |
| 260 |
_aSanto Domingo, : _bTaller _bCoedición Latinoamericana, _c1989. |
||
| 300 |
_a104 p. : _bil. ; _c22 cm. |
||
| 505 | 0 |
_tPresentación _tEl Correvolando _gBolivia _tUn pirata sin piedad _gBrasil _tLa toma de Cartagena por Francis Drake _gColombia _tEl tesoro del monaguillo _gChile _tLa tortuga de Cliperton _gEcuador _tPiratas en Veracruz _gMéxico _tEl tamborcito del pirata _gPerú _tPedro el grande, el primer pirata del Caribe _gRepública Dominicana _tLos corsarios de Artigas _gUruguay _tVenturas y desventuras de dos piratas en tierras americanas _gVenezuela |
|
| 500 | _aLa biblioteca posee la reimpresión del 2008 | ||
| 700 | 1 | 2 |
_aMar Ravassa G., María del _eed. _972368 |
| 700 | 1 | 2 |
_aNicholls, Juan Carlos _eil. _972369 |
| 999 |
_c43849 _d43849 |
||